|
|
|
|
| LEADER |
01339nam a2200397 a 4500 |
| 001 |
000701936 |
| 003 |
CZ BrMZK |
| 005 |
20040209081004.0 |
| 007 |
ta |
| 008 |
040107s1998 xr f 000 0 cze d |
| 015 |
|
|
|a cnb000326613
|
| 020 |
|
|
|a 80-86177-01-7
|q (Tok ; brož.)
|
| 035 |
|
|
|a (OCoLC)40790110
|
| 040 |
|
|
|a LIA001
|b cze
|d BOA001
|d ABA001
|
| 041 |
1 |
|
|a cze
|h eng
|
| 072 |
|
7 |
|a 316.4/.7
|x Sociální interakce
|2 Konspekt
|9 18
|
| 080 |
|
|
|a 316.472.42
|2 MRF
|
| 080 |
|
|
|a (0.062)
|2 MRF
|
| 080 |
|
|
|a 316.346.2
|2 MRF
|
| 080 |
|
|
|a 177.6
|2 MRF
|
| 080 |
|
|
|a 316.346.2-055.2
|2 MRF
|
| 080 |
|
|
|a 316.474
|2 MRF
|
| 100 |
1 |
|
|a De Angelis, Barbara,
|d 1951-
|7 jn19981000581
|4 aut
|
| 245 |
1 |
0 |
|a Jak najít toho pravého :
|b životní pravidla /
|c Barbara De Angelis ; [z anglického originálu ... přeložila Ludmila Gabrielová]
|
| 260 |
|
|
|a Praha :
|b Tok,
|c 1998
|
| 300 |
|
|
|a 157 s. ;
|c 19 cm
|
| 500 |
|
|
|a Vydáno ve spolupráci s nakladatelství Lion & Virgin
|
| 650 |
0 |
7 |
|a partnerský výběr
|7 ph123982
|2 czenas
|
| 650 |
0 |
7 |
|a partnerské vztahy
|7 ph115684
|2 czenas
|
| 650 |
0 |
7 |
|a muži a ženy
|7 ph123061
|2 czenas
|
| 650 |
0 |
7 |
|a láska
|7 ph117230
|2 czenas
|
| 650 |
0 |
7 |
|a ženy
|7 ph127967
|2 czenas
|
| 655 |
|
7 |
|a populárně-naučné publikace
|7 fd131864
|2 czenas
|
| 765 |
0 |
|
|t <<The >>real rules
|9 Česky
|
| 910 |
|
|
|a BOA001
|b 1-1127.804
|
| 990 |
|
|
|a BK
|